MARC

LEADER 00000nam0a2200000 4500
001 675487
005 20241211160812.0
035 |a (RuTPU)RU\TPU\book\323395 
090 |a 675487 
100 |a 20241015d1972 k||y0rusy50 ca 
101 0 |a rus 
102 |a RU 
105 |a a z 001zy 
181 0 |a i   |b  e  
182 0 |a n 
183 0 |a nc  |2 RDAcarrier 
200 1 |a Химическое машиностроение  |e [сборник]  |f Всесоюзный научно-исследовательский и конструкторский институт химического машиностроения НИИХИММАШ; под ред. В. Д. Шипилова 
203 |a Текст  |b визуальный  |c непосредственный 
210 |a Москва  |c Изд-во НИИхиммаш  |d 1972 
215 |a 171 с.  |c ил. 
225 |a Сборник научных трудов [НИИХИММАШ]  |v Вып. 58: Коррозия и износ 
283 |a volume  |2 RDAcarrier 
320 |a Библиография в конце статей 
606 1 |a Химическое машиностроение  |9 54065 
606 |a Химическая аппаратура  |x Коррозия  |9 54071 
606 |a Металлы  |x Износ  |9 62608 
610 1 |a вакууммирование 
610 1 |a антифрикционные свойства 
610 1 |a химический анализ 
610 1 |a спектральный анализ 
610 1 |a агрессивные среды 
610 1 |a растрескивание 
675 |a 66.02.002  |v 4 
675 |a 66.02:620.19  |v 4 
675 |a 669:539.6  |v 4 
702 1 |a Шипилов  |b В. Д.  |4 340 
712 0 2 |a Всесоюзный научно-исследовательский и конструкторский институт химического машиностроения  |c (1946-1969)  |c (Москва)  |9 24783 
801 1 |a RU  |b 63413507  |c 20241015 
801 2 |a RU  |b 63413507  |c 20170627  |g RCR 
830 |a Ретро2024Продолжающиеся 
850 |a 63413507 
942 |c CR